Central Library OPAC University of Rajshahi

Managing pollution : (Record no. 59991)

MARC details
000 -LEADER
fixed length control field 00914nam a2200265 a 4500
001 - CONTROL NUMBER
control field 59991
003 - CONTROL NUMBER IDENTIFIER
rucl marc code BD-RjUL
005 - DATE AND TIME OF LATEST TRANSACTION
control field 20211209080807.0
008 - FIXED-LENGTH DATA ELEMENTS--GENERAL INFORMATION
fixed length control field 161228s2001 enkab b 001 0 eng
020 ## - INTERNATIONAL STANDARD BOOK NUMBER
International Standard Book Number 184064558X
035 ## - SYSTEM CONTROL NUMBER
System control number (BD-RjUL)60115
040 ## - CATALOGING SOURCE
Original cataloging agency DLC
Transcribing agency DLC
Modifying agency DLC
Language of cataloging eng
041 ## - LANGUAGE CODE
Language code of text/sound track or separate title eng
082 00 - DEWEY DECIMAL CLASSIFICATION NUMBER
Classification number 363.737
Author mark and year MAN 2001
245 00 - TITLE STATEMENT
Title Managing pollution :
Remainder of title economic valuation and environmental toxicology /
Statement of responsibility, etc. edited by Clive L. Spash and Sandra McNally.
260 ## - PUBLICATION, DISTRIBUTION, ETC. (IMPRINT)
Place of publication, distribution, etc. Cheltenham ;
-- Northampton, MA :
Name of publisher, distributor, etc. E. Elgar,
Date of publication, distribution, etc. c2001.
300 ## - PHYSICAL DESCRIPTION
Pagination xii, 222 p. :
Illustrations ill. ;
Size 24 cm.
504 ## - BIBLIOGRAPHY, ETC. NOTE
Bibliography, etc Includes bibliographical references and index.
650 #0 - SUBJECT ADDED ENTRY--TOPICAL TERM
Topical term or geographic name as entry element Pollution
General subdivision Economic aspects
Form subdivision Case studies.
9 (RLIN) 178476
Topical term or geographic name as entry element Pollution
General subdivision Government policy
Form subdivision Case studies.
9 (RLIN) 178477
700 1# - ADDED ENTRY--PERSONAL NAME
Personal name Spash, Clive L.
Personal name McNally, Sandra,
Dates associated with a name 1972-
942 ## - ADDED ENTRY ELEMENTS (KOHA)
Source of classification or shelving scheme Dewey Decimal Classification
Koha item type Books
Holdings
Lost status Source of classification or shelving scheme Damaged status Not for loan Collection code Permanent Location Current Location Shelving location Date acquired Source of acquisition Cost, normal purchase price Total Checkouts Full call number Date last seen Copy number Koha item type
  Dewey Decimal Classification   Not For Loan Non-fiction Central Library, University of Rajshahi Central Library, University of Rajshahi Reading Room 11/05/2006 Paragogn Enterprise, Dhaka 62.00   363.737 MAN 2001 28/12/2016 C-1 Books